| 000 | 00983nam a22002297i 4500 | ||
|---|---|---|---|
| 999 |
_c22976 _d22976 |
||
| 003 | AR-CdUCM | ||
| 008 | 240812b20152015 pe||||| |||| 00| 0 spa d | ||
| 040 |
_aMUNICIPALIDAD PROVINCIAL DEL CUSCO _cBIBLIOTECA MUNICIPAL DEL CUSCO |
||
| 082 |
_aEP / 803.56 / M61H _bM61H |
||
| 100 |
_aMinisterio de Educación. _918298 |
||
| 245 |
_aHistorias mágicas : _bLeyendas del Perú adaptadas para niños y niñas / |
||
| 260 |
_aLima : _bDirección General de Educación Básica Regular, _bDirección de Educación Inicial, _c2015 |
||
| 300 |
_a60 páginas. : _bIlustraciones a color, _c20 cm. |
||
| 505 | _aLa Quena de oro -- La estrella fugaz -- Paracas, lluvia de arena -- La ciudad encantada de Huancabamba | ||
| 650 |
_aLiteratura infantil _9588 |
||
| 650 |
_aCuentos _950164 |
||
| 650 |
_aLeyendas del Perú _950165 |
||
| 700 |
_aCasquino Neyra, Oscar [Ilustrador] _950166 |
||
| 856 | _fhttps://repositorio.minedu.gob.pe/handle/ | ||
| 942 |
_2ddc _cLIBROS |
||
| 945 |
_apbj _d2024-08-12 |
||